[Event "Titled Tuesday intern op 18th Oct Late"]
[Site "Chess.com INT"]
[Date "2022.10.18"]
[Round "6"]
[White "Eljanov, Pavel"]
[Black "Radovic, Janko"]
[Result "1-0"]
[WhiteElo "2697"]
[BlackElo "2418"]
[PlyCount "57"]
[EventDate "2022.10.18"]
[EventType "swiss (blitz)"]
[EventRounds "11"]
[EventCountry "USA"]
[SourceTitle "EXT 2024"]
[Source "ChessBase"]
[SourceDate "2023.10.10"]
[SourceVersion "1"]
[SourceVersionDate "2023.10.10"]
[SourceQuality "1"]

1. c4 e6 2. g3 d5 3. Bg2 Nf6 4. Nf3 Be7 5. 0-0 0-0 6. d3 c5 7. Bf4 Nc6 8. Nc3 b6 9. e4 dxe4 10. dxe4 Bb7 11. e5 Nd7 12. Qe2 a6 13. Rad1 Qc7 14. Nd5 exd5 15. cxd5 Ncxe5 16. Nxe5 Nxe5 17. Qxe5 Qd7 18. Qc7 Qxc7 19. Bxc7 Bd8 20. Bd6 Re8 21. Rfe1 Bf6 22. Bc7 Kf8 23. Bxb6 Bd4 24. d6 Bxg2 25. Kxg2 Rab8 26. Bc7 Rxb2 27. d7 Rxf2+ 28. Kh3 Rxe1 29. Rxe1 1-0

[Event "Titled Tuesday intern op 18th Oct Late"]
[Site "Chess.com INT"]
[Date "2022.10.18"]
[Round "8"]
[White "Pap, Gyula"]
[Black "Radovic, Janko"]
[Result "1-0"]
[WhiteElo "2420"]
[BlackElo "2418"]
[PlyCount "89"]
[EventDate "2022.10.18"]
[EventType "swiss (blitz)"]
[EventRounds "11"]
[EventCountry "USA"]
[SourceTitle "EXT 2024"]
[Source "ChessBase"]
[SourceDate "2023.10.10"]
[SourceVersion "1"]
[SourceVersionDate "2023.10.10"]
[SourceQuality "1"]

1. g3 d5 2. Nf3 Nf6 3. Bg2 e6 4. 0-0 Be7 5. b3 0-0 6. Bb2 c5 7. c4 Nc6 8. cxd5 exd5 9. d4 Bf5 10. Nc3 Ne4 11. dxc5 Bxc5 12. Nxd5 Re8 13. e3 Bg4 14. h3 Bh5 15. Nf4 Bg6 16. Nxg6 hxg6 17. Qxd8 Raxd8 18. Rfd1 Nb4 19. Ne5 Nd6 20. a3 Nc2 21. Rac1 Nxe3 22. fxe3 Bxe3+ 23. Kh2 Bxc1 24. Rxc1 Nf5 25. Bc3 Rc8 26. Bxb7 Rc7 27. Bc6 Re6 28. b4 Rexc6 29. Nxc6 Rxc6 30. Bb2 Re6 31. Rc2 Ne3 32. Rc8+ Kh7 33. Bd4 Nf5 34. Bxa7 Re2+ 35. Kg1 Nxg3 36. b5 f5 37. b6 Rb2 38. Rc7 f4 39. b7 f3 40. Bf2 Rb1+ 41. Be1 Rxe1+ 42. Kf2 Rb1 43. Kxg3 Rb3 44. a4 g5 45. a5 1-0

[Event "Titled Tuesday intern op 18th Oct Late"]
[Site "Chess.com INT"]
[Date "2022.10.18"]
[Round "3"]
[White "Radovic, Janko"]
[Black "Ansh, M Shah"]
[Result "1-0"]
[WhiteElo "2418"]
[BlackElo "2184"]
[PlyCount "105"]
[EventDate "2022.10.18"]
[EventType "swiss (blitz)"]
[EventRounds "11"]
[EventCountry "USA"]
[SourceTitle "EXT 2024"]
[Source "ChessBase"]
[SourceDate "2023.10.10"]
[SourceVersion "1"]
[SourceVersionDate "2023.10.10"]
[SourceQuality "1"]

1. Nf3 Nf6 2. c4 e6 3. g3 d5 4. Bg2 Be7 5. 0-0 0-0 6. b3 b6 7. Bb2 Bb7 8. e3 Nbd7 9. Nc3 c5 10. Qe2 Rc8 11. Rfd1 Qc7 12. cxd5 Nxd5 13. Rac1 Bf6 14. d4 Qb8 15. Nxd5 Bxd5 16. e4 Bb7 17. d5 Bxb2 18. Qxb2 exd5 19. exd5 Qd6 20. Nd2 Qf6 21. Qc2 Rcd8 22. Ne4 Qg6 23. Qb2 Rfe8 24. Nc3 Qf6 25. b4 cxb4 26. Qxb4 Ne5 27. Ne4 Qg6 28. Qb5 f5 29. Nc3 f4 30. Be4 Qf6 31. Qf1 Rf8 32. Rc2 Ng4 33. Qh3 fxg3 34. Qxh7+ Kf7 35. hxg3 Rh8 36. Qf5 Qxf5 37. Bxf5 Nf6 38. Be6+ Kg6 39. Ne2 Rd6 40. Nf4+ Kg5 41. Rc7 Ba8 42. Rxg7+ Kh6 43. Rg6+ Kh7 44. Rxf6 Kg7 45. Rf7+ Kh6 46. Kg2 Kg5 47. Rf5+ Kh6 48. Rh1+ Kg7 49. Rg5+ Kf6 50. Rg6+ Ke5 51. Rxh8 Rxe6 52. Rxe6+ Kd4 53. Rxa8 1-0

[Event "SRB-chT 1st League CS"]
[Site "Banja Vrujci"]
[Date "2022.10.06"]
[Round "8.3"]
[White "Marinkovic, Ivan"]
[Black "Radovic, Janko"]
[Result "1/2-1/2"]
[WhiteElo "2428"]
[BlackElo "2418"]
[PlyCount "36"]
[EventDate "2022.10.01"]
[EventType "team-tourn"]
[EventRounds "11"]
[EventCountry "SRB"]
[SourceTitle "CBM 210 Extra"]
[Source "ChessBase"]
[SourceDate "2022.11.30"]
[SourceVersion "1"]
[SourceVersionDate "2022.11.30"]
[SourceQuality "1"]
[WhiteTeam "Kraljevo Sloga"]
[BlackTeam "Kragujevac Radnicki"]
[WhiteTeamCountry "SRB"]
[BlackTeamCountry "SRB"]

1. e4 c5 2. Nf3 d6 3. d4 cxd4 4. Nxd4 Nf6 5. Nc3 a6 6. g3 g6 7. Bg2 Bg7 8. h3 0-0 9. 0-0 Nc6 10. Be3 Bd7 11. Nde2 b5 12. Nd5 Rb8 13. c3 b4 14. c4 e6 15. Nxf6+ Qxf6 16. Rb1 Ne5 17. b3 Nf3+ 18. Kh1 Bc6 1/2-1/2

[Event "SRB-chT 1st League CS"]
[Site "Banja Vrujci"]
[Date "2022.10.02"]
[Round "2.2"]
[White "Ozsakallioglu, Okan"]
[Black "Radovic, Janko"]
[Result "1/2-1/2"]
[WhiteElo "2178"]
[BlackElo "2418"]
[PlyCount "46"]
[EventDate "2022.10.01"]
[EventType "team-tourn"]
[EventRounds "11"]
[EventCountry "SRB"]
[SourceTitle "CBM 210 Extra"]
[Source "ChessBase"]
[SourceDate "2022.11.30"]
[SourceVersion "1"]
[SourceVersionDate "2022.11.30"]
[SourceQuality "1"]
[WhiteTeam "Valjevo Krusik"]
[BlackTeam "Kragujevac Radnicki"]
[WhiteTeamCountry "SRB"]
[BlackTeamCountry "SRB"]

1. e4 c5 2. Nf3 d6 3. d4 cxd4 4. Nxd4 Nf6 5. Nc3 a6 6. Be3 e6 7. f3 b5 8. Qd2 Nbd7 9. 0-0-0 Nb6 10. Qf2 Nfd7 11. Kb1 Bb7 12. Bd3 Rc8 13. Qe1 Qc7 14. Bc1 Nc5 15. Nce2 e5 16. Nf5 Nxd3 17. cxd3 d5 18. Be3 g6 19. Rc1 Qd8 20. Qa5 Nd7 21. Rxc8 Bxc8 22. Qxd8+ Kxd8 23. Nh6 Bxh6 1/2-1/2

[Event "SRB-chT 1st League CS"]
[Site "Banja Vrujci"]
[Date "2022.10.01"]
[Round "1.5"]
[White "Radovic, Janko"]
[Black "Atakisi, Umut"]
[Result "1/2-1/2"]
[WhiteElo "2418"]
[BlackElo "2352"]
[PlyCount "50"]
[EventDate "2022.10.01"]
[EventType "team-tourn"]
[EventRounds "11"]
[EventCountry "SRB"]
[SourceTitle "CBM 210 Extra"]
[Source "ChessBase"]
[SourceDate "2022.11.30"]
[SourceVersion "1"]
[SourceVersionDate "2022.11.30"]
[SourceQuality "1"]
[WhiteTeam "Kragujevac Radnicki"]
[BlackTeam "Paracin OSK"]
[WhiteTeamCountry "SRB"]
[BlackTeamCountry "SRB"]

1. e4 c5 2. Nf3 e6 3. b3 a6 4. c4 Nc6 5. Bb2 Qc7 6. g3 d6 7. d4 cxd4 8. Nxd4 Nf6 9. Bg2 h5 10. 0-0 Nxd4 11. Bxd4 h4 12. Re1 e5 13. Be3 hxg3 14. hxg3 Ng4 15. Nc3 Nxe3 16. Rxe3 Be6 17. Nd5 Qc6 18. Bf3 Be7 19. Rd3 Bd8 20. Bg4 0-0 21. a4 Bxd5 22. cxd5 Qe8 23. Qd2 g6 24. Qh6 Qe7 25. Kg2 Qg5 1/2-1/2

[Event "Titled Tuesday intern op 14th Dec"]
[Site "Chess.com INT"]
[Date "2021.12.14"]
[Round "2"]
[White "Faizrakhmanov, Ramil"]
[Black "Radovic, Janko"]
[Result "0-1"]
[WhiteElo "2480"]
[BlackElo "2418"]
[PlyCount "76"]
[EventDate "2021.12.14"]
[EventType "swiss (blitz)"]
[EventRounds "11"]
[EventCountry "USA"]
[SourceTitle "EXT 2023"]
[Source "ChessBase"]
[SourceDate "2022.10.05"]
[SourceVersion "1"]
[SourceVersionDate "2022.10.05"]
[SourceQuality "1"]

1. e4 c5 2. Nf3 d6 3. d4 cxd4 4. Nxd4 Nf6 5. Nc3 a6 6. Bg5 Nbd7 7. f4 Qc7 8. Qe2 g6 9. 0-0-0 Bg7 10. Nf3 e5 11. fxe5 dxe5 12. Qc4 Qb6 13. Qb3 Qc7 14. Bc4 0-0 15. Nd5 Nxd5 16. Bxd5 Nb6 17. Rhf1 Nxd5 18. Qxd5 Be6 19. Qd6 Qa5 20. a3 Rfc8 21. Kb1 Rc6 22. Qd2 Qc7 23. Bh6 Rc8 24. c3 Qb6 25. Bxg7 Kxg7 26. Nxe5 Rxc3 27. Nd7 Qb3 28. Qd4+ Kh6 29. Qd2+ Re3 30. Qxe3+ Qxe3 31. Nf6 Qb3 32. Nd5 Bxd5 33. exd5 Qc2+ 34. Ka1 Qb3 35. d6 Rc2 36. Rb1 Rd2 37. Rf3 Qd5 38. Rh3+ Kg7 0-1

[Event "Titled Tuesday intern op 14th Dec"]
[Site "Chess.com INT"]
[Date "2021.12.14"]
[Round "6"]
[White "Radovic, Janko"]
[Black "Terletsky, Oleg"]
[Result "1-0"]
[WhiteElo "2418"]
[BlackElo "2154"]
[PlyCount "73"]
[EventDate "2021.12.14"]
[EventType "swiss (blitz)"]
[EventRounds "11"]
[EventCountry "USA"]
[SourceTitle "EXT 2023"]
[Source "ChessBase"]
[SourceDate "2022.10.05"]
[SourceVersion "1"]
[SourceVersionDate "2022.10.05"]
[SourceQuality "1"]

1. Nf3 Nf6 2. c4 g6 3. g3 Bg7 4. Bg2 0-0 5. 0-0 d6 6. d4 Nbd7 7. Nc3 e5 8. e4 exd4 9. Nxd4 Re8 10. h3 Nc5 11. Re1 Bd7 12. Nb3 Nxb3 13. Qxb3 Bc6 14. Qc2 Nd7 15. Be3 a5 16. b3 h5 17. Rad1 h4 18. g4 g5 19. Qd2 Be5 20. Ne2 f6 21. Nd4 Nc5 22. Nf5 Ne6 23. f3 b6 24. Bf1 Nf4 25. a3 Bd7 26. Nd4 Qe7 27. b4 axb4 28. axb4 Ra3 29. Nc2 Ra2 30. c5 Ba4 31. Bc4+ Qf7 32. Bxf7+ Kxf7 33. Bxf4 Rxc2 34. Qd5+ Kg7 35. Bxe5 fxe5 36. cxd6 c6 37. Qd3 1-0

[Event "Titled Tuesday intern op 14th Dec"]
[Site "Chess.com INT"]
[Date "2021.12.14"]
[Round "4"]
[White "Radovic, Janko"]
[Black "Zierk, Steven C"]
[Result "0-1"]
[WhiteElo "2418"]
[BlackElo "2488"]
[PlyCount "42"]
[EventDate "2021.12.14"]
[EventType "swiss (blitz)"]
[EventRounds "11"]
[EventCountry "USA"]
[SourceTitle "EXT 2023"]
[Source "ChessBase"]
[SourceDate "2022.10.05"]
[SourceVersion "1"]
[SourceVersionDate "2022.10.05"]
[SourceQuality "1"]

1. Nf3 d5 2. c4 d4 3. e3 Nc6 4. exd4 Nxd4 5. Nxd4 Qxd4 6. d3 Nh6 7. Nc3 c6 8. Bxh6 gxh6 9. Be2 Rg8 10. Bf3 Bf5 11. Ne4 0-0-0 12. 0-0 Qxd3 13. Qxd3 Rxd3 14. Rad1 Rxf3 15. Ng3 Rf4 16. Rd2 e5 17. Nh5 Rxc4 18. Nf6 Rg6 19. Ne8 Bb4 20. Rd4 Rxd4 21. Rd1 Rxd1# 0-1

[Event "Titled Tuesday intern op 14th Dec"]
[Site "Chess.com INT"]
[Date "2021.12.14"]
[Round "1"]
[White "Zavivaeva, Emilia"]
[Black "Radovic, Janko"]
[Result "0-1"]
[WhiteElo "1650"]
[BlackElo "2418"]
[PlyCount "80"]
[EventDate "2021.12.14"]
[EventType "swiss (blitz)"]
[EventRounds "11"]
[EventCountry "USA"]
[SourceTitle "EXT 2023"]
[Source "ChessBase"]
[SourceDate "2022.10.05"]
[SourceVersion "1"]
[SourceVersionDate "2022.10.05"]
[SourceQuality "1"]

1. e4 c5 2. Nf3 d6 3. d4 cxd4 4. Nxd4 Nf6 5. Nc3 a6 6. Be3 e5 7. Nb3 Be6 8. f3 Nbd7 9. Qd2 b5 10. 0-0-0 Rc8 11. Nd5 Bxd5 12. exd5 Nb6 13. Bxb6 Qxb6 14. g4 Be7 15. h4 0-0 16. h5 Nd7 17. g5 f5 18. gxf6 Nxf6 19. Bh3 Rc7 20. Be6+ Kh8 21. h6 g6 22. f4 Ne4 23. Qg2 Rxf4 24. Rhf1 Bg5 25. Kb1 Nf6 26. Qxg5 Rcc4 27. Bf7 Qc7 28. Be6 Qb6 29. Bf7 Qa7 30. Bxg6 hxg6 31. Qxg6 Qh7 32. Qg5 Qxc2+ 33. Ka1 Qh7 34. Na5 Ra4 35. Nc6 Qg8 36. Qxg8+ Kxg8 37. Ne7+ Kf7 38. Nc6 Nxd5 39. Rh1 Rh4 40. h7 Kg7 0-1

[Event "Titled Tuesday intern op 30th Nov"]
[Site "Chess.com INT"]
[Date "2021.11.30"]
[Round "3"]
[White "Costachi, Mihnea"]
[Black "Radovic, Janko"]
[Result "1-0"]
[WhiteElo "2463"]
[BlackElo "2418"]
[PlyCount "101"]
[EventDate "2021.11.30"]
[EventType "swiss (blitz)"]
[EventRounds "11"]
[EventCountry "USA"]
[SourceTitle "CBM 205 Extra"]
[Source "ChessBase"]
[SourceDate "2022.01.31"]
[SourceVersion "1"]
[SourceVersionDate "2022.01.31"]
[SourceQuality "1"]

1. Nf3 d5 2. g3 Nf6 3. Bg2 e6 4. 0-0 Be7 5. b3 0-0 6. Bb2 c5 7. d3 Nc6 8. Ne5 Nxe5 9. Bxe5 Nd7 10. Bb2 Bf6 11. Qc1 Bxb2 12. Qxb2 Qf6 13. Qxf6 Nxf6 14. Nd2 Bd7 15. e4 Bc6 16. Rfe1 Rfd8 17. a4 b6 18. f4 a6 19. h3 h6 20. g4 b5 21. axb5 axb5 22. e5 Nd7 23. Kf2 Nb6 24. c3 b4 25. cxb4 cxb4 26. d4 Bb5 27. Bf1 Bxf1 28. Rxf1 Rdc8 29. Rxa8 Rxa8 30. Rc1 Rc8 31. Ra1 Ra8 32. Rxa8+ Nxa8 33. Nf3 Kf8 34. Ne1 Nc7 35. Nd3 Na6 36. f5 Ke7 37. Kf3 Kd7 38. h4 Ke7 39. Kf4 Kd7 40. h5 Ke7 41. g5 hxg5+ 42. Kxg5 Nc7 43. Nxb4 Nb5 44. Nc6+ Kd7 45. f6 gxf6+ 46. Kxf6 Kxc6 47. h6 Nxd4 48. h7 Nxb3 49. h8Q Nc5 50. Qe8+ Kb6 51. Kxf7 1-0

[Event "SRB-chT 1st League"]
[Site "Bajina Basta"]
[Date "2020.10.12"]
[Round "3.4"]
[White "Radovic, Janko"]
[Black "Rabrenovic, Vladan"]
[Result "0-1"]
[WhiteElo "2433"]
[BlackElo "2302"]
[PlyCount "60"]
[EventDate "2020.10.10"]
[EventType "team-tourn"]
[EventRounds "11"]
[EventCountry "SRB"]
[SourceTitle "CBM 198 Extra"]
[Source "ChessBase"]
[SourceDate "2020.11.30"]
[SourceVersion "1"]
[SourceVersionDate "2020.11.30"]
[SourceQuality "1"]
[WhiteTeam "Kragujevac Radnicki"]
[BlackTeam "Gorni Milanovac"]
[WhiteTeamCountry "SRB"]
[BlackTeamCountry "SRB"]

1. e4 c5 2. Nf3 e6 3. c3 d5 4. e5 d4 5. cxd4 cxd4 6. Bc4 Nc6 7. 0-0 Nge7 8. d3 Ng6 9. Qe2 a6 10. g3 b5 11. Bb3 Bb7 12. h4 Na5 13. h5 Nxb3 14. axb3 Qd5 15. Nbd2 Bb4 16. Ne4 Nxe5 17. Nxe5 Qxe5 18. Bf4 Qd5 19. h6 Be7 20. hxg7 Rg8 21. Rfc1 Rxg7 22. Rc5 Qd8 23. Rc7 Bd5 24. Rac1 Rg6 25. Qh5 Bxe4 26. dxe4 h6 27. Bxh6 Bd6 28. Bg5 Qxg5 29. Qh8+ Rg8 30. Rc8+ Kd7 0-1

[Event "SRB-chT 1st League"]
[Site "Bajina Basta"]
[Date "2020.10.10"]
[Round "1.3"]
[White "Radovic, Janko"]
[Black "Ivanovic, Dragutin"]
[Result "1/2-1/2"]
[WhiteElo "2433"]
[BlackElo "2307"]
[PlyCount "57"]
[EventDate "2020.10.10"]
[EventType "team-tourn"]
[EventRounds "11"]
[EventCountry "SRB"]
[SourceTitle "CBM 198 Extra"]
[Source "ChessBase"]
[SourceDate "2020.11.30"]
[SourceVersion "1"]
[SourceVersionDate "2020.11.30"]
[SourceQuality "1"]
[WhiteTeam "Kragujevac Radnicki"]
[BlackTeam "Valjevo Krusik"]
[WhiteTeamCountry "SRB"]
[BlackTeamCountry "SRB"]

1. e4 c5 2. Nf3 e6 3. d4 cxd4 4. Nxd4 Nc6 5. Nxc6 bxc6 6. Bd3 Nf6 7. 0-0 d5 8. Nd2 Qc7 9. c4 Bd6 10. exd5 cxd5 11. cxd5 Nxd5 12. Bb5+ Bd7 13. Bxd7+ Qxd7 14. Ne4 0-0 15. Nxd6 Qxd6 16. Re1 Rfc8 17. b3 Qc5 18. Bb2 Qc2 19. Qd4 Nc3 20. Bxc3 Qxc3 21. Red1 Qxd4 22. Rxd4 Rc2 23. Rad1 g6 24. Ra4 Rc7 25. Ra6 e5 26. g3 Re8 27. Rd2 Kg7 28. Kg2 e4 29. h4 1/2-1/2

[Event "SRB-chT"]
[Site "Subotica"]
[Date "2019.09.01"]
[Round "11.2"]
[White "Radovic, Janko"]
[Black "Popov, Sinisa S"]
[Result "1/2-1/2"]
[WhiteElo "2430"]
[BlackElo "2440"]
[PlyCount "58"]
[EventDate "2019.08.22"]
[EventType "team-tourn"]
[EventRounds "11"]
[EventCountry "SRB"]
[SourceTitle "EXT 2020"]
[Source "ChessBase"]
[SourceDate "2019.10.17"]
[SourceVersion "1"]
[SourceVersionDate "2019.10.17"]
[SourceQuality "1"]
[WhiteTeam "Kraljevo Sloga Turist"]
[BlackTeam "Elemir Naftagas"]
[WhiteTeamCountry "SRB"]
[BlackTeamCountry "SRB"]

1. e4 e5 2. Nf3 Nc6 3. c3 Nf6 4. d4 Nxe4 5. d5 Ne7 6. Nxe5 Ng6 7. Nxg6 hxg6 8. Bd3 Nf6 9. 0-0 Bd6 10. Re1+ Kf8 11. h3 Nxd5 12. Bxg6 Qf6 13. Be4 Nf4 14. Bf3 Be5 15. Bxf4 Qxf4 16. g3 Qf6 17. Bg4 d5 18. Bxc8 Rxc8 19. Qxd5 Bd6 20. Kg2 Rd8 21. Qxb7 Rxh3 22. Nd2 Bxg3 23. Ne4 Rh2+ 24. Kxg3 Qe5+ 25. Kf3 Qh5+ 26. Ke3 Qh6+ 27. Ke2 Qh5+ 28. Ke3 Rh3+ 29. Ng3 Qe5+ 1/2-1/2

[Event "SRB-chT"]
[Site "Subotica"]
[Date "2019.08.24"]
[Round "3.4"]
[White "Dimic, Pavle"]
[Black "Radovic, Janko"]
[Result "1/2-1/2"]
[WhiteElo "2349"]
[BlackElo "2430"]
[PlyCount "51"]
[EventDate "2019.08.22"]
[EventType "team-tourn"]
[EventRounds "11"]
[EventCountry "SRB"]
[SourceTitle "EXT 2020"]
[Source "ChessBase"]
[SourceDate "2019.10.17"]
[SourceVersion "1"]
[SourceVersionDate "2019.10.17"]
[SourceQuality "1"]
[WhiteTeam "Rudovci Radnicki"]
[BlackTeam "Kraljevo Sloga Turist"]
[WhiteTeamCountry "SRB"]
[BlackTeamCountry "SRB"]

1. d4 Nf6 2. Nf3 e6 3. c4 d5 4. Nc3 Bb4 5. Qa4+ Nc6 6. e3 0-0 7. Bd2 dxc4 8. Bxc4 a6 9. Qc2 Bd6 10. h3 b5 11. Be2 Bb7 12. a3 e5 13. d5 Ne7 14. e4 c6 15. dxc6 Bxc6 16. Bg5 Ng6 17. Nh4 Nxh4 18. Bxh4 h6 19. Rd1 Qe7 20. 0-0 g5 21. Bg3 Rac8 22. Qb1 Bc5 23. Nd5 Qe6 24. Nxf6+ Qxf6 25. Bg4 Rcd8 26. Rc1 1/2-1/2

[Event "SRB-chT"]
[Site "Subotica"]
[Date "2019.08.22"]
[Round "1.5"]
[White "Vuckovic, Bojan"]
[Black "Radovic, Janko"]
[Result "1/2-1/2"]
[WhiteElo "2581"]
[BlackElo "2430"]
[PlyCount "106"]
[EventDate "2019.08.22"]
[EventType "team-tourn"]
[EventRounds "11"]
[EventCountry "SRB"]
[SourceTitle "EXT 2020"]
[Source "ChessBase"]
[SourceDate "2019.10.17"]
[SourceVersion "1"]
[SourceVersionDate "2019.10.17"]
[SourceQuality "1"]
[WhiteTeam "Goracici Jelica"]
[BlackTeam "Kraljevo Sloga Turist"]
[WhiteTeamCountry "SRB"]
[BlackTeamCountry "SRB"]

1. e4 c5 2. Nf3 d6 3. d4 cxd4 4. Nxd4 Nf6 5. Nc3 a6 6. Bd3 e5 7. Nde2 Be7 8. 0-0 0-0 9. Ng3 Bg4 10. Be2 Be6 11. Be3 g6 12. Bh6 Re8 13. Qd2 Kh8 14. Rfd1 Nbd7 15. a4 Qa5 16. Qe1 Rac8 17. Bd2 Qc7 18. Bf3 Nb8 19. Be3 Nc6 20. Rd2 Na5 21. Be2 Nc4 22. Bxc4 Qxc4 23. Bg5 Qb4 24. Qc1 Red8 25. Bxf6+ Bxf6 26. Nd5 Bxd5 27. Rxd5 Bh4 28. c3 Qc4 29. Qc2 Bxg3 30. hxg3 Rc5 31. Rad1 Rxd5 32. Rxd5 f5 33. f3 fxe4 34. Qxe4 Qxe4 35. fxe4 Kg7 36. Kf2 Kf6 37. Ke3 Ke6 38. c4 Rh8 39. Rd1 a5 40. Rd5 b6 41. Rb5 Rb8 42. b4 axb4 43. a5 Kd7 44. Rxb4 Ra8 45. Rxb6 Rxa5 46. Rb7+ Ke6 47. Rxh7 Ra3+ 48. Kf2 Rc3 49. Rg7 Rxc4 50. Kf3 Rc3+ 51. Kf2 Rc2+ 52. Kf3 Rc3+ 53. Kf2 Rc2+ 1/2-1/2

[Event "Valjevo Manojlovic Memorial"]
[Site "Valjevo"]
[Date "2019.08.05"]
[Round "1"]
[White "Radovic, Janko"]
[Black "Atakisi, Umut"]
[Result "1/2-1/2"]
[WhiteElo "2430"]
[BlackElo "2401"]
[PlyCount "31"]
[EventDate "2019.08.05"]
[EventType "tourn"]
[EventRounds "9"]
[EventCountry "SRB"]
[EventCategory "6"]
[SourceTitle "EXT 2020"]
[Source "ChessBase"]
[SourceDate "2019.10.17"]
[SourceVersion "1"]
[SourceVersionDate "2019.10.17"]
[SourceQuality "1"]

1. e4 c5 2. Nf3 e6 3. c3 Nf6 4. e5 Nd5 5. d4 cxd4 6. cxd4 d6 7. a3 Nc6 8. Bd3 dxe5 9. dxe5 g6 10. 0-0 Bg7 11. Qe2 0-0 12. b4 b6 13. Bd2 Bb7 14. Nc3 Nxc3 15. Bxc3 Ne7 16. Rac1 1/2-1/2

[Event "SRB-chT Central"]
[Site "Kragujevac"]
[Date "2018.09.18"]
[Round "6.1"]
[White "Gavrilovic, Leonardo"]
[Black "Radovic, Janko"]
[Result "0-1"]
[WhiteElo "2243"]
[BlackElo "2405"]
[PlyCount "84"]
[EventDate "2018.09.14"]
[EventType "team-tourn"]
[EventRounds "11"]
[EventCountry "SRB"]
[SourceTitle "CBM 186 Extra"]
[Source "ChessBase"]
[SourceDate "2018.08.24"]
[SourceVersion "1"]
[SourceVersionDate "2018.08.24"]
[SourceQuality "1"]
[WhiteTeam "Cacak Borac"]
[BlackTeam "Kragujevac Radnicki"]
[WhiteTeamCountry "SRB"]
[BlackTeamCountry "SRB"]

1. e4 c5 2. Nf3 d6 3. c3 Nf6 4. Be2 Bd7 5. d3 g6 6. 0-0 Bg7 7. Re1 0-0 8. Bf1 Nc6 9. Nbd2 Rc8 10. a4 e5 11. b3 d5 12. Ba3 b6 13. b4 cxb4 14. cxb4 Re8 15. b5 Na5 16. Nb3 Nb7 17. h3 d4 18. Nbd2 Nh5 19. Nc4 Qc7 20. Qd2 Be6 21. Rac1 Qb8 22. Nb2 Nf6 23. Rxc8 Rxc8 24. Qd1 Qc7 25. Ng5 Qc3 26. Qa1 Bb3 27. Nc4 Qxa1 28. Rxa1 Bxc4 29. dxc4 h6 30. Nf3 Nxe4 31. Bb4 Nec5 32. a5 Nb3 33. Re1 bxa5 34. Ba3 Re8 35. Bd3 N3c5 36. Bb1 e4 37. Nd2 d3 38. Nxe4 Rxe4 39. Rxe4 Nxe4 40. Bxd3 Nbc5 41. Bxe4 Nxe4 42. c5 Bf8 0-1

[Event "SRB-chT Central"]
[Site "Kragujevac"]
[Date "2018.09.18"]
[Round "7.6"]
[White "Radovic, Janko"]
[Black "Zivkovic, Dejan"]
[Result "1-0"]
[WhiteElo "2405"]
[BlackElo "2290"]
[PlyCount "47"]
[EventDate "2018.09.14"]
[EventType "team-tourn"]
[EventRounds "11"]
[EventCountry "SRB"]
[SourceTitle "CBM 186 Extra"]
[Source "ChessBase"]
[SourceDate "2018.08.24"]
[SourceVersion "1"]
[SourceVersionDate "2018.08.24"]
[SourceQuality "1"]
[WhiteTeam "Kragujevac Radnicki"]
[BlackTeam "Valjevo Krusik"]
[WhiteTeamCountry "SRB"]
[BlackTeamCountry "SRB"]

1. e4 a6 2. d4 b5 3. Nf3 Bb7 4. Bd3 e6 5. a4 c5 6. axb5 axb5 7. Rxa8 Bxa8 8. dxc5 Bxc5 9. 0-0 b4 10. Nbd2 d5 11. exd5 Bxd5 12. Bb5+ Nd7 13. Nb3 Qb6 14. Bxd7+ Kxd7 15. Nxc5+ Qxc5 16. Be3 Qb5 17. Ne5+ Ke8 18. Qg4 g6 19. Ra1 Bb7 20. Nc4 Qc6 21. Na5 Nf6 22. Qg3 Qa6 23. Qb8+ Bc8 24. Qe5 1-0

[Event "SRB-chT"]
[Site "Valjevo"]
[Date "2018.09.10"]
[Round "11.4"]
[White "Radovic, Janko"]
[Black "Arsovic, Zoran"]
[Result "1/2-1/2"]
[WhiteElo "2412"]
[BlackElo "2422"]
[PlyCount "23"]
[EventDate "2018.08.31"]
[EventType "team-tourn"]
[EventRounds "11"]
[EventCountry "SRB"]
[SourceTitle "CBM 186 Extra"]
[Source "ChessBase"]
[SourceDate "2018.08.24"]
[SourceVersion "1"]
[SourceVersionDate "2018.08.24"]
[SourceQuality "1"]
[WhiteTeam "Kraljevo Sloga Turist"]
[BlackTeam "Kac Jugovic"]
[WhiteTeamCountry "SRB"]
[BlackTeamCountry "SRB"]

1. e4 c5 2. c3 Nf6 3. e5 Nd5 4. d4 cxd4 5. cxd4 d6 6. Bc4 e6 7. Nf3 Be7 8. 0-0 0-0 9. Qe2 Nc6 10. Nc3 Nxc3 11. bxc3 dxe5 12. dxe5 1/2-1/2

[Event "SRB-chT"]
[Site "Valjevo"]
[Date "2018.09.09"]
[Round "10.3"]
[White "Jevtic, Miodrag"]
[Black "Radovic, Janko"]
[Result "1/2-1/2"]
[WhiteElo "2343"]
[BlackElo "2412"]
[PlyCount "20"]
[EventDate "2018.08.31"]
[EventType "team-tourn"]
[EventRounds "11"]
[EventCountry "SRB"]
[SourceTitle "CBM 186 Extra"]
[Source "ChessBase"]
[SourceDate "2018.08.24"]
[SourceVersion "1"]
[SourceVersionDate "2018.08.24"]
[SourceQuality "1"]
[WhiteTeam "Novi Sad"]
[BlackTeam "Kraljevo Sloga Turist"]
[WhiteTeamCountry "SRB"]
[BlackTeamCountry "SRB"]

1. Nf3 Nf6 2. g3 c5 3. Bg2 g6 4. 0-0 Bg7 5. d3 Nc6 6. e4 0-0 7. Re1 d6 8. h3 e5 9. Nc3 h6 10. a3 Be6 1/2-1/2

[Event "SRB-chT"]
[Site "Valjevo"]
[Date "2018.09.07"]
[Round "8.2"]
[White "Bozic, Milan"]
[Black "Radovic, Janko"]
[Result "1/2-1/2"]
[WhiteElo "2336"]
[BlackElo "2412"]
[PlyCount "89"]
[EventDate "2018.08.31"]
[EventType "team-tourn"]
[EventRounds "11"]
[EventCountry "SRB"]
[SourceTitle "CBM 186 Extra"]
[Source "ChessBase"]
[SourceDate "2018.08.24"]
[SourceVersion "1"]
[SourceVersionDate "2018.08.24"]
[SourceQuality "1"]
[WhiteTeam "Valjevo Sveti Nikolaj"]
[BlackTeam "Kraljevo Sloga Turist"]
[WhiteTeamCountry "SRB"]
[BlackTeamCountry "SRB"]

1. d4 Nf6 2. Nf3 e6 3. c4 Be7 4. Nc3 d5 5. Qc2 0-0 6. cxd5 exd5 7. Bf4 c5 8. e3 Nc6 9. h3 cxd4 10. Nxd4 Nxd4 11. exd4 Bd6 12. Bxd6 Qxd6 13. Be2 Ne4 14. 0-0 Nxc3 15. Qxc3 Be6 16. Rac1 Rac8 17. Qd2 h6 18. Bf3 b6 19. a3 Rxc1 20. Rxc1 Rc8 21. b4 Rc6 22. h4 Rc4 23. Be2 Rxc1+ 24. Qxc1 a5 25. bxa5 bxa5 26. Qc3 Qb6 27. Bd3 Bd7 28. g3 Bg4 29. f3 Bd7 30. Kf2 g6 31. Ke3 Qe6+ 32. Kd2 Qb6 33. f4 Kg7 34. Bc2 Bg4 35. Kc1 Qe6 36. Bb3 Bf5 37. Kd2 Qe4 38. Qe3 Qg2+ 39. Ke1 Be4 40. Qf2 Qh1+ 41. Qf1 Qh2 42. Qf2 Qh3 43. Bd1 h5 44. Kd2 Qe6 45. Qe3 1/2-1/2